Ground-water quality and data on wells and springs in Pennsylvania /

Bibliographic Details
Main Author: Koester, Harry E.
Corporate Authors: Geological Survey (U.S.), Pennsylvania. Department of Environmental Resources
Other Authors: Miller, D. R.
Format: Government Document Book
Language:English
Published: Harrisburg, Pa. : U.S. Geological Survey, [1980-]
Series:Open-file report (Geological Survey (U.S.)) ; 81-329, 81-330.
Subjects:

MARC

Tag First Indicator Second Indicator Subfields
LEADER 00000cam a2200000 a 4500
001 in00000837721
005 20151019051435.0
008 810711m19809999paub b f00010 eng d
010 |a gp 83015701  
035 |a (OCoLC)07594521 
035 |9 ADZ2741AM 
040 |a GIS  |c GIS  |d GPO  |d UtOrBLW 
043 |a n-us-pa 
074 |a 624-H (microfiche) 
086 0 |a I 19.76:81-329 
086 0 |a I 19.76:81-330 
100 1 |a Koester, Harry E. 
245 1 0 |a Ground-water quality and data on wells and springs in Pennsylvania /  |c by Harry E. Koester and Denise R. Miller ; prepared in cooperation with the Pennsylvania Department of Environmental Resources. 
264 1 |a Harrisburg, Pa. :  |b U.S. Geological Survey,  |c [1980-] 
300 |a volumes :  |b maps ;  |c 26 cm. 
336 |a text  |b txt  |2 rdacontent 
337 |a unmediated  |b n  |2 rdamedia 
338 |a volume  |b nc  |2 rdacarrier 
490 1 |a Open-file report ;  |v 81-329, 81-330 
500 |a "March 1982"--Volumes II-III. 
500 |a Chiefly tables. 
504 |a Includes bibliographies. 
505 0 |a v. 2. Susquehanna and Potomac River basins -- v. 3. Delaware River basin. 
650 0 |a Groundwater  |z Pennsylvania. 
650 0 |a Water quality  |z Pennsylvania. 
650 0 |a Rivers  |z Pennsylvania. 
700 1 |a Miller, D. R. 
710 2 |a Geological Survey (U.S.) 
710 1 |a Pennsylvania.  |b Department of Environmental Resources. 
830 0 |a Open-file report (Geological Survey (U.S.)) ;  |v 81-329, 81-330. 
999 |a MARS 
999 f f |s 29977b4f-4e8c-3fba-908c-3e5bfccad284  |i 99f6efd1-26b1-3a8f-bd68-9da9af9c4b89  |t 0 
952 f f |p normal  |a Texas A&M University  |b College Station  |c Sterling C. Evans Library  |d Evans: US Documents (Annex 5th floor)  |t 0  |e I 19.76:81-  |h Superintendent of Documents classification  |i unmediated -- volume  |k 330  |m A14838113347 
998 f f |a I 19.76:81-  |s v.3=330  |t 0  |l Evans: US Documents (Annex 5th floor)